| 000 | 00673nam a2200181 i 4500 | ||
|---|---|---|---|
| 001 | 152374 | ||
| 003 | ES-MaACL | ||
| 005 | 20230906204716.0 | ||
| 008 | 051011s1850 po | |||||||| ||fre d | ||
| 100 | 1 |
_aBonnet, Charles ( _d1816-1867) _930259 |
|
| 245 | 1 | 0 |
_aAlgarve (Portugal) _b: description géographique et géologique de cette province / _cpar Charles Bonnet. |
| 260 |
_aLisbonne : _bAcadèmie Royale des Sciences de Lisbonne, _c1850. |
||
| 300 |
_aVIII, 186 p. ; _c28 cm. |
||
| 650 |
_aGeología- _zPortugal. _9167306 |
||
| 651 |
_aAlgarve- _xDescripción. _9172396 |
||
| 710 | 2 |
_aAcademia das Ciências de Lisboa. _91159 |
|
| 852 |
_aES-MaACL _jC-1623 _z- Enc. hol. |
||
| 999 |
_c152374 _d152374 |
||